|
|
|
|
| LEADER |
00629nab a2200181 i 4500 |
| 001 |
acta15151 |
| 005 |
20210409083458.0 |
| 008 |
161015s1987 hu o 0|| eng d |
| 022 |
|
|
|a 0001-6969
|
| 040 |
|
|
|a SZTE Egyetemi Kiadványok Repozitórium
|b hun
|
| 041 |
|
|
|a eng
|
| 100 |
2 |
|
|a Ecsedi-Tóth Péter
|
| 245 |
1 |
0 |
|a Structure-filters in equality-free model theory
|h [elektronikus dokumentum] /
|c Ecsedi-Tóth Péter
|
| 260 |
|
|
|c 1987
|
| 300 |
|
|
|a 387-402
|
| 490 |
0 |
|
|a Acta scientiarum mathematicarum
|v 51 No. 3-4
|
| 695 |
|
|
|a Matematika
|
| 856 |
4 |
0 |
|u http://acta.bibl.u-szeged.hu/15151/1/math_051_fasc_003_004_387-402.pdf
|z Dokumentum-elérés
|